000 00202nam a22000857a 4500
008 160823b xxu||||| |||| 00| 0 eng d
100 _9217
_aNCERT
245 _aChemistry-XII
260 _aNew Delhi
_bNCERT
_c2007
999 _c2874
_d2874